| 000 | 00637nam a2200205 a 4500 | ||
|---|---|---|---|
| 005 | 20200104041512.0 | ||
| 008 | 140221b1998 be ||||| |||| 00| 0 spa d | ||
| 040 |
_aCO-BoIAVH _cCO-BoIAVH |
||
| 041 | _aspa | ||
| 090 |
_aLB _b00545 |
||
| 110 |
_bComisión Europea. Traffic Europe _98234 |
||
| 245 | _aGuía de referencia normativa de la comunidad europea sobre comercio de fauna y flora silvestres | ||
| 260 |
_aBruselas _bLa Comisión _c1998 |
||
| 300 | _a33 p. | ||
| 650 |
_aComercio de especies _94307 |
||
| 650 |
_aCITES _92790 |
||
| 650 |
_aEspecies amenazadas _9157 |
||
| 650 |
_aLegislación ambiental _942996 |
||
| 942 |
_cINFORME _2z |
||
| 999 |
_c564 _d564 |
||